Historiaa kirjaimittain - V - Statistics

Yleistilastot
  • Tätä visaa on pelattu 1 258 kertaa
  • Keskiarvotulos 10 / 20
Vastaustilastot
Vihje Vastaus % Oikein
Ryöstöretkiä ympäri Eurooppaa tehneet skandinaavit Viikingit
95%
Napoleon ja Hitler epäonnistuivat tämän valtion valtaamisessa Venäjä
87%
Pompejin tuhonnut tulivuori Vesuvius
83%
Italialainen kaupunkivaltio, joka hallitsi Välimeren kauppaa keskiajalla Venetsia
78%
Stalingradin taistelu käytiin tämän joen rannoilla Volga
66%
Suurimman osan 1800-luvusta Yhdistynyttä kuningaskuntaa hallinnut kuningatar Viktoria
64%
Saksan viimeinen keisari Vilhelm II
63%
Tämän kaupungin juutalaisten ghetto tuhottiin vuonna 1943 Varsova
61%
Ensimmäisen maailmansodan lopettanut rauhansopimus Versailles'n rauha
57%
Yhdysvaltain osavaltio, joka oli lyhyen aikaa itsenäinen valtio Vermont
53%
Etelä-Vietnamin kommunistisen sissiliikkeen lyhyempi nimi Vietkong
52%
Ruotsia 1500- ja 1600-luvuilla hallinnut suku Vaasa
48%
Ihmisiä seivästänyt Valakian ruhtinas Vlad III
43%
Uskollisuutta lääninherralleen vannonut henkilö, joka sai tältä läänityksen Vasalli
40%
Yllä olevien Kanadaan perustama siirtokunta Vinland
30%
Candiden kirjoittanut valistusfilosofi Voltaire
29%
Kaksi maanosaa on nimetty hänen mukaansa Amerigo Vespucci
28%
Joukko muinaisia hindulaisia kirjoituksia Veda-kirjat
18%
Muinaisen Egyptin tai Osmanien valtakunnan korkea-arvoinen virkamies Visiiri
18%
Rooman vuonna 455 vallannut ja ryöstänyt germaaninen kansa Vandaalit
17%
Ehtoja vastaavia visoja ei löytynyt
Tulosjakauma
Jokaisen tuloksen saaneiden osuus
Persentiili vastausten määrän mukaan
Tuloshistoriasi
Et ole pelannut tätä visaa